000 00638nam a2200217Ia 4500
003 GCL
008 140319s9999 xx 000 0 ara d
040 _aGCL /
_cGCL
082 0 4 _a823
_bم و
100 1 _aسيمون، جورج
245 1 0 _aوداعا يا حلوتى /
_cسيمون، جورج
700 1 _aشاندلر، ريمون
260 _a[S.N] :
_bصوت الناس ،
_c936
300 _a360 ص
490 _aالسلسلة البوليسية
_v0
650 0 4 _aالقصص البوليسية
650 0 4 _aالقصص
650 0 4 _aشاندلر , ريمون
650 0 4 _aسيمونون , جورج
942 _2ddc
_cBK
999 _c55682
_d55682